000054145 001__ 54145
000054145 005__ 20230317221419.0
000054145 0247_ $$2doi$$a10.1016/S0375-9474(04)90306-5
000054145 0247_ $$2ISSN$$a1873-1554
000054145 0247_ $$2ISSN$$a0375-9474
000054145 037__ $$aGSI-2013-04862
000054145 041__ $$aEnglish
000054145 082__ $$a530
000054145 1001_ $$0P:(DE-Ds200)OR0208$$aChulkov, Leonid$$b0$$eCorresponding author$$ugsi
000054145 245__ $$aHeavy hydrogen isotopes $^4H$ and $^5H$
000054145 260__ $$aAmsterdam$$bNorth-Holland Publ. Co.$$c2004
000054145 3367_ $$0PUB:(DE-HGF)16$$2PUB:(DE-HGF)$$aJournal Article$$bjournal$$mjournal$$s1378478055_23868
000054145 3367_ $$2DRIVER$$aarticle
000054145 3367_ $$2BibTeX$$aARTICLE
000054145 3367_ $$00$$2EndNote$$aJournal Article
000054145 536__ $$0G:(DE-HGF)POF2-899$$a899 - ohne Topic (POF2-899)$$cPOF2-899$$fPOF I$$x0
000054145 536__ $$0G:(DE-Ds200)EXP:GSI-EXP-S135-ohneJahr$$aGSI-EXP-S135-ohneJahr - Nuclear Structure Studies with Relativistic and Radioactive Beams (EXP:GSI-EXP-S135-ohneJahr)$$cEXP:GSI-EXP-S135-ohneJahr$$x1
000054145 588__ $$aDataset connected to CrossRef, repository.gsi.de
000054145 773__ $$0PERI:(DE-600)1466542-6$$a10.1016/S0375-9474(04)90306-5$$gVol. 734, p. 357 - 360$$p357 - 360$$tNuclear physics <Amsterdam> / A$$v734$$x0375-9474$$y2004
000054145 909CO $$ooai:repository.gsi.de:54145$$pVDB
000054145 9101_ $$0I:(DE-Ds200)20121206GSI$$6P:(DE-Ds200)OR0208$$aGSI Helmholtzzentrum für Schwerionenforschung GmbH$$b0$$kGSI
000054145 9131_ $$0G:(DE-HGF)POF2-899$$1G:(DE-HGF)POF2-890$$2G:(DE-HGF)POF2-800$$3G:(DE-HGF)POF2$$4G:(DE-HGF)POF$$aDE-HGF$$bProgrammungebundene Forschung$$lohne Programm$$vohne Topic$$x0
000054145 915__ $$0StatID:(DE-HGF)0010$$2StatID$$aJCR/ISI refereed
000054145 915__ $$0StatID:(DE-HGF)0100$$2StatID$$aJCR
000054145 915__ $$0StatID:(DE-HGF)0110$$2StatID$$aWoS$$bScience Citation Index
000054145 915__ $$0StatID:(DE-HGF)0111$$2StatID$$aWoS$$bScience Citation Index Expanded
000054145 915__ $$0StatID:(DE-HGF)0150$$2StatID$$aDBCoverage$$bWeb of Science Core Collection
000054145 915__ $$0StatID:(DE-HGF)0199$$2StatID$$aDBCoverage$$bThomson Reuters Master Journal List
000054145 915__ $$0StatID:(DE-HGF)0200$$2StatID$$aDBCoverage$$bSCOPUS
000054145 915__ $$0StatID:(DE-HGF)0300$$2StatID$$aDBCoverage$$bMedline
000054145 915__ $$0StatID:(DE-HGF)0420$$2StatID$$aNationallizenz
000054145 915__ $$0StatID:(DE-HGF)1020$$2StatID$$aDBCoverage$$bCurrent Contents - Social and Behavioral Sciences
000054145 9201_ $$0I:(DE-Ds200)KRA-20150901OR349$$kKRA$$lKernreaktionen$$x0
000054145 980__ $$ajournal
000054145 980__ $$aVDB
000054145 980__ $$aI:(DE-Ds200)20110831OR108
000054145 980__ $$aI:(DE-Ds200)KRA-20150901OR349
000054145 980__ $$aUNRESTRICTED